01674cam a2200469 i 450000100060000000300090000600500170001500800390003201500160007102000150008702000150010204000280011704100130014504600090015808000150016708000110018208000120019310000400020524501690024524600600041426000510047430000280052533600270055333700540058033800280063438000160066238800140067838800140069250400360070652100290074265000310077165000200080265000280082265500300085065800340088070000300091470000390094470000440098370000370102771000420106485600980110638764KOSZ 00520220923145634.0991231s2000 pl a f f |001 0 pol aPB 2000/238 a8320812194 a8320811635 aWA NcWA NdKOSZ 005/HR1 apolheng k1996 a658.14/.17 a336.76 a(075.8)1 aBrigham, Eugene F.d(1930- )eAutor10aZarządzanie finansami.n[T.] 2 /cEugene F. Brigham, Louis C. Gapenski ; red. nauk. Ryszard Kokoszczyński, Paweł Wyczański ; tł. Marta Gołajewska [et al.].1 iTyt. oryg. :aIntermediate financial management,f1996. aWarszawa :bPolskie Wydaw. Ekonomiczne,c2000. a612 s. :bil. ;c24 cm. 2rdacontentaTekstbtxt 2rdamediaaBez urządzenia pośredniczącegobn 2rdacarrieraWoluminbnc aKsiążki a1901-2000 a1989-2000 aBibliogr. przy rozdz. - Indeks.8 aPodręcznik akademicki. 4aFinanse przedsiębiorstwa 4aRynek finansowy 4aZarządzanie finansami 4aPodręczniki akademickie aGospodarka, ekonomia, finanse1 aGapenski, Louis C.eAutor1 aKokoszczyński, RyszardeRedakcja1 aWyczański, Pawełd(1951- )eRedakcja1 aGołajewska, MartaeTłumaczenie2 aPolskie Wydawnictwo Ekonomiczne4pbl. uhttp://koha.tu.koszalin.pl/cgi-bin/koha/opac-detail.pl?biblionumber=38764yKatalog online BPK